| 000 | 00536nam a2200169Ia 4500 | ||
|---|---|---|---|
| 003 | IN-BaIIA | ||
| 008 | 211028s9999 xx 000 0 eng d | ||
| 040 | _cIIA Library | ||
| 080 |
_a58 _bJAI |
||
| 245 | 0 |
_aTimes of india directory and yearbook Including who's who _cedited by Girilal Jain |
|
| 260 |
_aBombay _bThe Times of India Press _c1982 |
||
| 300 | _a[various pagings.] | ||
| 650 | _aNASA Thesaurus | ||
| 650 |
_aYear Books _93953 |
||
| 700 |
_aJain, Girilal ed. _911632 |
||
| 942 | _cBK | ||
| 999 |
_c7341 _d7341 |
||